PV Mental Health Nursing (Record no. 156931)
[ view plain ]
| 000 -LEADER | |
|---|---|
| fixed length control field | 00371nam a2200145Ia 4500 |
| 008 - FIXED-LENGTH DATA ELEMENTS--GENERAL INFORMATION | |
| fixed length control field | 230411s9999 xx 000 0 und d |
| 020 ## - INTERNATIONAL STANDARD BOOK NUMBER | |
| International Standard Book Number | 978-81-909385-6-3 |
| 041 ## - LANGUAGE CODE | |
| Language code of text/sound track or separate title | eng |
| 082 ## - DEWEY DECIMAL CLASSIFICATION NUMBER | |
| Classification number | P/610.7362/YAD/B06537 |
| 100 ## - MAIN ENTRY--PERSONAL NAME | |
| Personal name | Gupta Ram |
| 245 ## - TITLE STATEMENT | |
| Title | PV Mental Health Nursing |
| 260 ## - PUBLICATION, DISTRIBUTION, ETC. (IMPRINT) | |
| Name of publisher, distributor, etc. | S Vikas and Co |
| Place of publication, distribution, etc. | Jalandhar |
| Date of publication, distribution, etc. | 2010 |
| 300 ## - PHYSICAL DESCRIPTION | |
| Extent | 604p |
| Withdrawn status | Lost status | Damaged status | Not for loan | Collection code | Home library | Current library | Date acquired | Vendor | Cost, normal purchase price | Bill number | Total Checkouts | Total Renewals | Full call number | Barcode | Date last seen | Date last checked out | Cost, replacement price | Bill Date | Koha item type | Original Barcode |
|---|---|---|---|---|---|---|---|---|---|---|---|---|---|---|---|---|---|---|---|---|
| Smt. Bakul Tambat Institute of Nursing Education | Smt. Bakul Tambat Institute of Nursing Education | 28/01/2011 | S Vikas and Co | 765.00 | 4903 | 9 | 4 | P 610.7362 YAD B06537 | BTIN-BK-6537 | 24/07/2025 | 03/07/2025 | 574.00 | 28/01/2011 | Books | B06537 | |||||
| Smt. Bakul Tambat Institute of Nursing Education | Smt. Bakul Tambat Institute of Nursing Education | 28/01/2011 | S Vikas and Co | 585.00 | 4903 | 20 | 10 | PS 610.7368 GUP B06544 | BTIN-BK-6544 | 03/12/2025 | 15/11/2025 | 439.00 | 28/01/2011 | Books | B06544 | |||||
| Smt. Bakul Tambat Institute of Nursing Education | Smt. Bakul Tambat Institute of Nursing Education | 28/01/2011 | S Vikas and Co | 585.00 | 4903 | 6 | 2 | PS 610.7368 GUP B06545 | BTIN-BK-6545 | 17/07/2025 | 05/07/2025 | 439.00 | 28/01/2011 | Books | B06545 | |||||
| MS | Smt. Bakul Tambat Institute of Nursing Education | Smt. Bakul Tambat Institute of Nursing Education | 28/01/2011 | S Vikas and Co | 1099.00 | 4903 | 3 | 2 | MS 610.73677 ANS KHA B06546 | BTIN-BK-6546 | 26/12/2023 | 24/11/2023 | 824.00 | 28/01/2011 | Books | B06546 | ||||
| Reference | MS | Smt. Bakul Tambat Institute of Nursing Education | Smt. Bakul Tambat Institute of Nursing Education | 28/01/2011 | S Vikas and Co | 1099.00 | 4903 | MS 610.73677 ANS KHA B06547 | BTIN-BK-6547 | 11/04/2023 | 824.00 | 28/01/2011 | Books | B06547 | ||||||
| Smt. Bakul Tambat Institute of Nursing Education | Smt. Bakul Tambat Institute of Nursing Education | 08/02/2012 | S Vikas and Co | 585.00 | 4903 | 15 | 17 | PS 610.7368 GUP B06983 | BTIN-BK-6983 | 28/07/2025 | 19/06/2025 | 439.00 | 28/01/2011 | Books | B06983 | |||||
| Smt. Bakul Tambat Institute of Nursing Education | Smt. Bakul Tambat Institute of Nursing Education | 08/02/2012 | S Vikas and Co | 585.00 | 4903 | 21 | 12 | PS 610.7368 GUP B06984 | BTIN-BK-6984 | 11/02/2026 | 09/02/2026 | 439.00 | 28/01/2011 | Books | B06984 | |||||
| Smt. Bakul Tambat Institute of Nursing Education | Smt. Bakul Tambat Institute of Nursing Education | 08/02/2012 | S Vikas and Co | 585.00 | 4903 | 6 | PS 610.7368 GUP B06985 | BTIN-BK-6985 | 24/07/2025 | 16/07/2025 | 439.00 | 28/01/2011 | Books | B06985 | ||||||
| Smt. Bakul Tambat Institute of Nursing Education | Smt. Bakul Tambat Institute of Nursing Education | 08/02/2012 | S Vikas and Co | 585.00 | 4903 | 19 | 12 | PS 610.7368 GUP B06986 | BTIN-BK-6986 | 23/07/2025 | 30/06/2025 | 439.00 | 28/01/2011 | Books | B06986 | |||||
| Smt. Bakul Tambat Institute of Nursing Education | Smt. Bakul Tambat Institute of Nursing Education | 08/02/2012 | S Vikas and Co | 585.00 | 4903 | 10 | 9 | PS 610.7368 GUP B06987 | BTIN-BK-6987 | 23/12/2025 | 29/11/2025 | 439.00 | 28/01/2011 | Books | B06987 | |||||
| Smt. Bakul Tambat Institute of Nursing Education | Smt. Bakul Tambat Institute of Nursing Education | 08/02/2012 | S Vikas and Co | 765.00 | 4903 | 5 | 3 | P 610.7362 YAD B06989 | BTIN-BK-6989 | 05/01/2024 | 22/12/2023 | 574.00 | 28/01/2011 | Books | B06989 | |||||
| Smt. Bakul Tambat Institute of Nursing Education | Smt. Bakul Tambat Institute of Nursing Education | 08/02/2012 | S Vikas and Co | 765.00 | 4903 | 1 | P 610.7362 YAD B06991 | BTIN-BK-6991 | 18/01/2025 | 03/08/2023 | 574.00 | 28/01/2011 | Books | B06991 | ||||||
| Reference | Smt. Bakul Tambat Institute of Nursing Education | Smt. Bakul Tambat Institute of Nursing Education | 08/02/2012 | S Vikas and Co | 765.00 | 4903 | P 610.7362 YAD B06993 | BTIN-BK-6993 | 11/04/2023 | 574.00 | 28/01/2011 | Books | B06993 |